| 000 | 00846nab a2200253u 4500 | ||
|---|---|---|---|
| 001 | 10205 | ||
| 003 | HDC | ||
| 007 | c| |||a|c|aaaa | ||
| 008 | 210203b20120630my ||||| |||| 00| 0 eng d | ||
| 040 | _aHDC | ||
| 100 |
_aGannason, Vickneswari _eauthor _910226 |
||
| 245 | 0 |
_aAsean-India SMEs shouts abundant opportunities / _cby Vickneswari Gannason |
|
| 336 |
_atext _2rdacontent |
||
| 337 |
_acomputer _2rdamedia |
||
| 338 |
_aonline resource _2rdacarrier |
||
| 650 |
_aEntrepreneurships _910446 |
||
| 650 |
_aNew business enterprises _91887 |
||
| 650 |
_aSmall business _9208 |
||
| 710 | _aMalaysia SME | ||
| 856 | _zRequest full-text at [email protected] | ||
| 942 | _2lcc | ||
| 942 | _cNEWS | ||
| 942 | _kNWSC 003055 | ||
| 999 |
_c7528 _d7528 |
||